| 000 | 00745nam0a22002651 4500 | ||
|---|---|---|---|
| 001 | RU\NLR\INFOCOMM16\ROSSICA\1000478884 | ||
| 005 | 20250613193142.0 | ||
| 035 | _a(NLR Aleph) 009966235 | ||
| 090 |
_a9625296 _c9625296 |
||
| 100 | _a20031006d1891 |||y0rusy50 ca | ||
| 101 | 0 | _afre | |
| 102 | _aRU | ||
| 105 | _ay ||||000ay | ||
| 200 | 1 |
_aTravauv exécutés au Timane en 1890 _fTschernychev, Th. |
|
| 210 |
_aSt.Pétersbourg _d1891 |
||
| 215 | _d8° | ||
| 700 | 1 |
_9z01790 _aČernyšov _bF.N. _f1856-1914 _gFeodosij Nikolaevič _4070 |
|
| 790 | 1 |
_9z01700 _aTschernychev _bTh. _4070 |
|
| 801 | 1 |
_aRU _bInfoComm _c20031006 |
|
| 801 | 0 |
_aRU _bNLR _gPSBO |
|
| 852 |
_aNLR _j12.55.9.43 |
||
| 942 | _cBOOK | ||
| 980 | _aNB | ||
| 980 | _aRossica | ||